[Event "EICC 2017"]
[Site "Minsk"]
[Date "2017.06.07"]
[Round "8"]
[White "Khismatullin, Denis"]
[Black "Jojua, Davit"]
[Result "1/2-1/2"]
[WhiteElo "2651"]
[BlackElo "2581"]
[Annotator "TA"]
[PlyCount "82"]
[EventDate "2017.??.??"]
[EventCountry "BLR"]
[SourceTitle "playchess.com"]
[Source "ChessBase"]
[SourceQuality "1"]

{[%evp 13,82,20,35,34,45,33,47,44,46,46,47,-79,-88,-81,-98,-119,-111,-121,-115,-129,-99,-108,-60,-109,-100,-106,-106,-112,-104,-117,0,0,0,0,0,0,0,2,2,2,0,0,11,0,0,12,60,0,22,12,12,20,32,43,56,0,0,0,0,0,0,0,0,0,0,0,0,0,0,0,0]} 1. d4 d5 2. c4 e6 3. Nc3 Be7 4. cxd5 exd5 5. Bf4 c6 6. e3 Bd6 {D31: Queen's Gambit Declined: Semi-Slav without ...Nf6 (+ Marshall Gambit and Noteboom) and Exchange Variation lines without ...Nf6} (6... Bf5 7. g4 Be6 8. h4 Bxh4 9. Qb3 g5 10. Be5 f6 11. Bh2 Bxg4 12. Qxb7 Qe7 13. Qxe7+ Nxe7 14. Be2 Bxe2 15. Kxe2 Nd7 16. Nf3 {0-1 (47) Giri,A (2785)-So,W (2815) chess.com INT 2017}) 7. Qf3 Ne7 {LiveBook: 4 Games} 8. h4 {[%cal Bh2h4,Bh4h5][%mdl 32]} a5 $146 {White is slightly better.} ({Predecessor:} 8... Bxf4 9. Qxf4 Be6 10. h5 Nd7 11. Bd3 Qb8 12. Qg5 Kf8 13. g4 {1-0 (39) Shomoev,A (2570)-Balogh,C (2665) Moscow 2012}) 9. h5 h6 {[%cal Bh7h6,Bh6g5,Bg5g4][%mdl 32]} 10. g4 Na6 {[%cal Bb8a6,Ba6c7,Bc7e6][%mdl 32]} 11. Nh3 Nc7 12. g5 {[#]} (12. Qg3 $14 Bxf4 13. Nxf4) 12... Bxf4 $1 $17 13. Qxf4 Ne6 14. Qg3 hxg5 15. Bd3 Qc7 16. Qg2 g4 17. Ng1 c5 18. Nge2 {[#]} cxd4 $1 19. Nb5 Qb6 {Strongly threatening ...Nc5.} 20. Nexd4 Nxd4 21. Nxd4 Bd7 (21... Qxb2 $17 22. Rd1 Bd7) 22. O-O-O $1 $11 O-O-O 23. Kb1 Kb8 24. f3 f5 25. Be2 {[%cal Rf3g4]} Nc6 26. fxg4 Nxd4 27. Rxd4 Rhe8 28. Qg3+ Qc7 29. Rg1 fxg4 30. Bxg4 (30. Rxd5 $14 Qxg3 31. Rxg3) 30... Bc6 31. Qxc7+ Kxc7 32. Bf5 Re7 33. Rdg4 Bd7 34. Bxd7 ({Better is} 34. e4 $1 $14 Bxf5 35. exf5) 34... Rdxd7 $14 {[%mdl 4096] Endgame KRR-KRR. The position is equal.} 35. R1g3 Re5 36. Rg5 Kd6 37. Kc2 Rxg5 38. Rxg5 Re7 39. Kd3 b6 40. Rg6+ Kc5 41. Rg5 Kd6 {Precision: White = 67%, Black = 66%.} 1/2-1/2

[Event "EICC 2017"]
[Site "Minsk"]
[Date "2017.06.07"]
[Round "8"]
[White "Swiercz, Dariusz"]
[Black "Dastan, Muhammed Batuhan"]
[Result "1-0"]
[WhiteElo "2649"]
[BlackElo "2519"]
[Annotator "TA"]
[PlyCount "107"]
[EventDate "2017.??.??"]
[EventCountry "BLR"]
[SourceTitle "playchess.com"]
[Source "ChessBase"]
[SourceQuality "1"]

{[%evp 18,107,22,7,45,27,50,15,16,10,23,22,38,46,30,33,31,32,19,31,22,35,30,28,85,101,97,82,86,71,163,157,157,145,158,146,185,174,181,181,190,187,229,204,197,173,222,189,216,179,172,181,182,172,170,170,170,141,141,141,141,141,164,161,163,160,168,159,195,195,579,524,570,183,361,177,177,177,177,177,6809,6786,6747,6687,6694,4779,6471,6311,6289,6281,6281,6281]} 1. c4 c6 2. Nf3 d5 3. Qb3 Nf6 4. g3 g6 5. Bg2 Bg7 6. O-O O-O 7. d4 dxc4 8. Qxc4 Bf5 9. Nc3 Nbd7 10. Re1 Nb6 {D78: Fianchetto Grünfeld: 6 0-0 c6} 11. Qb3 Ne4 12. Nh4 Be6 {The position is equal.} ({Avoid the trap} 12... Qxd4 $2 13. Be3 $18) 13. Qc2 {[#]} Nxc3 $146 ({Predecessor:} 13... Nd6 14. Rd1 Rc8 15. e4 f5 16. d5 cxd5 17. exd5 Bd7 18. Re1 {0-1 (26) Vaibhav,S (2530)-Yu,Y (2667) Sharjah 2014}) 14. bxc3 Bc4 15. Nf3 Rc8 16. Bh3 e6 17. Ba3 Re8 18. Nd2 Bb5 19. Rab1 Rb8 20. Bc5 Nc4 (20... Ba4 $11 21. Qc1 e5) 21. Nxc4 $16 Bxc4 22. Bxa7 Ra8 23. Rxb7 Qc8 (23... Bf8 $16) 24. Rb4 $18 Rxa7 25. Rxc4 Qa6 26. Qd3 Rb8 27. Bg2 Rb6 28. a4 Bf8 29. Ra1 Rc7 30. e3 Qa5 31. h4 Bd6 32. Bf3 Kg7 33. Rb1 Rxb1+ 34. Qxb1 c5 35. Qb5 Qxb5 36. axb5 {[#] Threatens to win with b6.} cxd4 37. Rxc7 Bxc7 38. cxd4 {[%mdl 4096] Endgame KB-KB} Kf6 39. Kf1 e5 40. dxe5+ Kxe5 41. Ke2 h6 42. Bc6 f5 43. Be8 g5 $2 (43... Kf6 {is tougher.} 44. Kd3 g5) 44. hxg5 hxg5 45. f4+ Kf6 $2 (45... gxf4 46. gxf4+ (46. exf4+ Kd6 $16) 46... Kd6) 46. fxg5+ (46. Bd7 $142 Bb6 47. Kd3) 46... Kxg5 47. Kf3 Kf6 48. Bc6 Ke5 $2 {[#]} (48... Kg5 49. Bd5 Kf6) 49. e4 $1 {White is clearly winning.} fxe4+ 50. Bxe4 Bb6 51. Bc6 Bc7 52. Kg4 Kf6 53. Kh4 Bd8 54. Kh5 {Precision: White = 77%, Black = 29%.} 1-0

[Event "EICC 2017"]
[Site "Minsk"]
[Date "2017.06.07"]
[Round "8"]
[White "Zhigalko, Sergei"]
[Black "Petrosyan, Manuel"]
[Result "1-0"]
[WhiteElo "2643"]
[BlackElo "2546"]
[Annotator "TA"]
[PlyCount "73"]
[EventDate "2017.??.??"]
[EventCountry "BLR"]
[SourceTitle "playchess.com"]
[Source "ChessBase"]
[SourceQuality "1"]

{[%evp 30,73,0,0,0,0,-8,-8,0,0,-11,-16,0,0,0,0,0,0,0,-2,44,46,83,83,85,85,212,216,215,197,185,206,417,429,894,852,1180,1146,29988,29989,29989,29990,29990,29991,29991,29992]} 1. c4 e6 2. Nc3 d5 3. d4 Nf6 4. cxd5 exd5 5. Bg5 c6 6. e3 Be7 7. Bd3 Nbd7 8. Qc2 Nh5 9. Bxe7 Qxe7 10. Nge2 Nb6 11. O-O g6 {D36: Queen's Gambit Declined: Exchange Variation: Main line (5 Bg5 c6 6 Qc2)} 12. Rab1 (12. Rae1 O-O 13. Nc1 Ng7 14. f3 Bf5 15. e4 Be6 16. exd5 Nxd5 17. Nxd5 cxd5 18. Nb3 Rac8 19. Qd2 {½-½ (38) Wang,H (2717)-Sargissian,G (2702) Huaian 2016}) 12... Ng7 13. b4 a6 14. Na4 Nxa4 15. Qxa4 O-O 16. Qc2 {LiveBook: 5 Games} Bf5 17. Nf4 Bxd3 18. Nxd3 Nf5 {[#]} 19. a4 $146 ({Predecessor:} 19. Rfe1) 19... Nd6 20. a5 Kg7 21. Rbe1 Rae8 22. Nc5 Rd8 23. f3 {[%cal Bf2f3,Bf3e4,Be4e5,Be5e6,Be6e7][%mdl 32]} Rfe8 24. Qf2 Nf5 25. g4 Nd6 26. e4 $1 dxe4 27. fxe4 Qg5 (27... Nb5 $16 {keeps fighting.}) 28. h3 $18 Qe7 {[#]} 29. e5 $1 {[%cal Re5d6]} Nb5 30. e6 $1 {[%cal Re6f7]} f5 $2 (30... f6 {is a better defense.} 31. Nxb7 Rxd4) 31. gxf5 Qg5+ (31... gxf5 $142 32. Qxf5 Rd5) 32. Kh2 Qxf5 33. Qe3 Qh5 34. e7 {White mates.} Rd6 35. Ne6+ Rxe6 36. Qxe6 Qd5 37. Qf6+ {Precision: White = 92%, Black = 34%.} 1-0

[Event "EICC 2017"]
[Site "Minsk"]
[Date "2017.06.07"]
[Round "8"]
[White "Lenic, Luka"]
[Black "Moskalenko, Alexander"]
[Result "1-0"]
[WhiteElo "2641"]
[BlackElo "2514"]
[Annotator "TA"]
[PlyCount "91"]
[EventDate "2017.??.??"]
[EventCountry "BLR"]
[SourceTitle "playchess.com"]
[Source "ChessBase"]
[SourceQuality "1"]

{[%evp 27,91,39,33,27,43,45,36,21,21,18,35,41,44,44,44,22,44,44,44,45,45,47,47,31,45,37,31,18,24,25,42,16,25,18,14,14,114,135,216,236,901,901,900,895,877,877,822,870,822,825,948,950,924,845,1033,978,1219,1213,1219,1212,1229,1135,29969,29970,6279,6278]} 1. d4 Nf6 2. c4 e6 3. Nf3 Bb4+ 4. Nbd2 b6 5. a3 Bxd2+ 6. Qxd2 Bb7 7. e3 d6 8. Be2 a5 9. b3 Nbd7 10. Bb2 O-O 11. O-O Qe7 12. Rad1 {[%cal Ba1d1,Bd1d2,Bd2f2,Bf2f4][%mdl 32] E14: Queen's Indian: Classical Variation (4 e3)} (12. Qc2 c5 13. Rfd1 Rfd8 14. Qc3 Ne4 15. Qe1 h6 16. Nd2 Nef6 17. Nb1 cxd4 18. exd4 e5 19. Bf1 e4 {1-0 (64) Wojtaszek,R (2742)-Moiseenko,A (2698) Germany 2015}) 12... Ne4 13. Qc2 f5 14. d5 e5 {LiveBook: 9 Games} 15. Nd2 Nxd2 16. Rxd2 e4 17. f4 $146 ({Predecessor:} 17. Rdd1 Ne5 18. Kh1 {½-½ (18) Koehler,R-Schuchardt,G Germany 1992}) 17... exf3 18. Rxf3 Nc5 19. Bd3 Nxd3 20. Qxd3 Rae8 {[%cal Ba8e8,Be8e7,Be7e4][%mdl 32]} 21. Rdf2 {Threatens to win with Rg3.} Bc8 22. Rg3 Rf7 23. Rf4 Qf8 24. h3 Ree7 25. Bd4 Qe8 26. Qd1 {aiming for Qh5.} Re4 27. Qa1 {And now Rxe4 would win.} Qe7 28. b4 h6 29. bxa5 bxa5 30. Qd1 Rxf4 31. exf4 Qh4 {[#]} (31... Ba6 $11) 32. Qe1 $1 $16 {White threatens Rxg7+! and mate.} Kf8 (32... Qe7 $16 33. Qxa5 Bb7) 33. Qc3 $18 g5 $2 (33... Qe7 34. Qxa5 Kg8) 34. Bf2 Kg8 {[#]} 35. Rxg5+ $1 {[%mdl 512]} hxg5 36. Bxh4 gxh4 37. Qxa5 {[%mdl 4096] Endgame KQ-KRB} Kh7 38. Qe1 Ba6 39. Qxh4+ Kg7 40. Qg3+ Kh6 41. Qc3 Kg6 42. c5 dxc5 43. Qxc5 Kh7 44. a4 Bd3 45. d6 cxd6 46. Qd5 {Precision: White = 79%, Black = 31%.} 1-0

[Event "EICC 2017"]
[Site "Minsk"]
[Date "2017.06.07"]
[Round "8"]
[White "Edouard, Romain"]
[Black "Iljiushenok, Ilia"]
[Result "1/2-1/2"]
[WhiteElo "2640"]
[BlackElo "2489"]
[Annotator "TA"]
[PlyCount "148"]
[EventDate "2017.??.??"]
[EventCountry "BLR"]
[SourceTitle "playchess.com"]
[Source "ChessBase"]
[SourceQuality "1"]

{[%evp 15,148,25,16,27,29,23,35,16,28,41,53,22,40,0,0,0,34,29,40,21,36,36,52,37,82,102,111,75,75,75,73,70,71,74,150,139,326,298,295,268,361,350,334,321,757,226,220,200,193,192,193,188,177,166,281,151,162,119,138,33,31,33,22,0,0,0,0,0,0,0,0,0,0,0,0,0,0,0,0,0,0,0,0,0,0,0,0,0,0,0,0,0,46,46,46,46,46,46,46,46,46,46,47,47,46,0,8,0,46,0,8,0,0,0,0,0,0,0,0,0,0,0,0,0,0,0,0,0,0,0,0,0,0,0,0]} 1. e4 c5 2. Nf3 e6 3. d4 cxd4 4. Nxd4 Nc6 5. Nc3 Qc7 6. Be3 a6 7. a3 b5 8. Nxc6 dxc6 {LiveBook: 7 Games. B48: Sicilian: Taimanov: 5 Nc3 Qc7 6 Be3 a6 without Be2} (8... Qxc6 9. Bd3 {½-½ (9) Khairullin,I (2647)-Bukavshin,I (2657) Khanty-Mansiysk 2015}) 9. Qg4 Nf6 10. Qg3 e5 {White has an edge.} 11. Be2 h5 12. f4 Be7 13. f5 $146 (13. fxe5 $5 {[%cal Rg3g7]} Ng4 14. Bxg4 hxg4 15. O-O-O $14) ({Predecessor:} 13. fxe5 Ng4 14. Bxg4 hxg4 15. O-O-O Be6 16. Ne2 {½-½ (65) Fluvia Poyatos,J (2474)-Farran Martos,F (2395) Mollet del Valles 2016}) 13... Bb7 14. Rd1 Kf8 15. O-O Re8 16. Qf2 c5 17. a4 $36 {[%mdl 2048] White has good play.} b4 18. Nd5 Bxd5 $1 19. exd5 Bd6 20. Bxa6 Ng4 21. Qe2 e4 22. h3 c4 23. Kh1 $1 (23. hxg4 $6 Bh2+ 24. Kh1 hxg4 $16) 23... Nxe3 24. Qxe3 Bc5 {[#]} ({Better is} 24... Qe7) 25. d6 $1 $16 {[%cal Rd6c7,Bd5d6,Bd6d7][%mdl 32]} Qb6 $2 (25... Bxe3 $2 26. dxc7 Bb6 27. c8=Q $18) (25... Qxd6 $16 {might work better.} 26. Rxd6 (26. Bxc4 Bxe3 27. Rxd6 Ke7 $16) 26... Bxe3) 26. Qf4 Qxa6 {[#]} 27. f6 $1 {[%cal Rf6g7] fxg7+ would kill now.} Rg8 28. d7 Rd8 29. Qe5 Qa7 $2 (29... Qc6 30. fxg7+ Rxg7) 30. Rf5 $2 (30. Rd6 {[%csl Gf6][%cal Re5e7]} gxf6 31. Rfxf6) 30... gxf6 $18 31. Qxc5+ Qxc5 32. Rxc5 {[%mdl 4096] Endgame KRR-KRR} c3 33. bxc3 bxc3 34. Rd4 ({But not} 34. Rxc3 Ke7 $16) 34... Rg3 (34... e3 {was called for.}) 35. a5 (35. Rxe4 Rxd7 36. Rc8+ (36. Rxh5 Rd2 $14) 36... Kg7 $14) ({White should play} 35. Rxh5 $18 Re3 36. a5) 35... e3 $16 36. Rc8 Ke7 37. Re4+ (37. a6 $16 {White wants to mate with Rxd8.} Rxd7 38. Re4+ (38. Rxd7+ Kxd7 39. Rd8+ Kc7 $16) 38... Kd6 39. Kh2 (39. Rxc3 Ra7 $16)) 37... Kxd7 $14 38. Rxc3 Rdg8 39. Rd3+ (39. a6 {seems wilder.} e2 40. Rxg3 Rxg3 41. Rxe2 Ra3 42. Kh2) 39... Kc6 40. Rdxe3 Rxg2 {( -> ...Rg1+)} 41. Re2 Rxe2 42. Rxe2 $11 {KR-KR} Ra8 43. Rf2 Rxa5 44. Rxf6+ Kd7 45. Rxf7+ Kd6 46. Rf3 Ke5 47. Kg2 h4 48. Re3+ Kf4 49. Rc3 Ra4 50. Kf2 Rd4 51. Ke2 Rd8 52. Rf3+ Ke4 53. Rf7 Rg8 54. Rh7 Rg2+ 55. Kd1 Kd4 $1 56. Rxh4+ Kc3 57. Rh8 Rd2+ $1 58. Ke1 {Intending Rc8+ and mate.} Rh2 $1 59. Kf1 {Kg1 is the strong threat.} Kd4 $1 60. Rh4+ (60. c3+ $5 Kxc3 61. Kg1 $16) 60... Kc3 61. Rh8 Kd4 $1 62. Rh4+ (62. c3+ $5 Kxc3 63. Kg1 $16) 62... Kc3 {The position is equal.} 63. Ra4 Rxc2 64. h4 {[%cal Bh3h4,Bh4h5,Bh5h6,Bh6h7][%mdl 32] And now Kg1 would win.} (64. Kg1 $5 {[%cal Rh3h4]}) 64... Kd3 $1 65. h5 Ke3 66. Kg1 {Strongly threatening h6.} Kf3 67. h6 {Black must now prevent h7.} Kg3 {[%cal Rc2c1]} 68. Ra3+ Kg4 69. h7 Rc8 70. Ra7 {Hoping for Rg7+.} Rh8 71. Kg2 Kg5 72. Kg3 Kg6 73. Kg4 Rxh7 74. Rxh7 Kxh7 {Precision: White = 56%, Black = 68%.} 1/2-1/2

[Event "EICC 2017"]
[Site "Minsk"]
[Date "2017.06.07"]
[Round "8"]
[White "Ivanisevic, Ivan"]
[Black "Cheparinov, Ivan"]
[Result "0-1"]
[WhiteElo "2638"]
[BlackElo "2688"]
[Annotator "TA"]
[PlyCount "112"]
[EventDate "2017.??.??"]
[EventCountry "BLR"]
[SourceTitle "playchess.com"]
[Source "ChessBase"]
[SourceQuality "1"]

{[%evp 19,112,-5,0,-18,0,-20,30,9,20,0,0,0,0,0,39,0,8,0,0,0,0,0,0,0,0,0,-2,-10,0,0,0,0,0,-5,0,-6,-6,-35,-29,-35,-35,-34,-16,-68,-62,-108,-108,-108,-103,-97,-111,-107,-109,-104,-82,-98,-96,-113,-112,-125,-127,-131,-118,-166,-162,-218,-223,-221,-216,-357,-355,-350,-343,-331,-272,-314,-268,-256,0,-304,-303,-259,-166,-239,-241,-248,-255,-249,-243,-249,-261,-526,-529,-11204,-11193]} 1. e4 c5 2. Nf3 d6 3. d4 cxd4 4. Nxd4 Nf6 5. Nc3 a6 6. Bc4 e6 7. Bb3 Nbd7 8. O-O Nc5 9. Re1 Be7 10. f4 O-O 11. e5 {B86: Sicilian Scheveningen/Najdorf: 6 Bc4, without early ...b5} Ne8 12. Be3 {[%cal Bc1e3,Be3f2,Bf2g3,Bg3e5][%mdl 32]} Bd7 13. Bf2 $146 {White has an edge.} ({Predecessor:} 13. Qh5 g6 14. Qh3 Ng7 15. Rad1 Qc7 16. Bf2 f6 17. Bg3 Nxb3 18. axb3 dxe5 19. fxe5 {0-1 (32) Nattermueller,I-Maksimenko,A (2502) Senden 2001}) 13... Rc8 14. Ne4 (14. Qf3 {feels hotter.} g6 15. Ne4 Nxb3 16. Qxb3 b5 17. a3) 14... Nxb3 15. axb3 dxe5 16. fxe5 f6 17. exf6 Nxf6 18. Bg3 Qb6 19. c3 Nxe4 20. Rxe4 Bf6 21. Be5 Bc6 22. Re3 Bd5 23. b4 Bxe5 24. Rxe5 Rf4 25. Qd2 Rcf8 $36 {[%mdl 2048] Black has some pressure.} 26. Rae1 Bc4 {( -> ...Rf1+)} 27. h3 Rf1+ 28. Rxf1 Rxf1+ 29. Kh2 Qc7 30. Qe3 $1 Bd5 31. Qg3 (31. b5 $11) 31... Rb1 $1 $15 32. Re3 Qxg3+ 33. Kxg3 Rxb2 34. Nxe6 Rxg2+ $17 {[%mdl 4096] Endgame KRB-KRN} 35. Kf4 Kf7 36. Nc5 Rf2+ 37. Kg3 Rf5 38. Rd3 Kf6 39. Re3 Bc6 40. Ne4+ Kg6 41. Nd6 Rd5 42. Nc8 (42. Nc4 $142) 42... Kf6 $19 43. Nb6 Rg5+ 44. Kh4 (44. Kf2 $142) 44... Rg2 45. Nc4 Kf5 46. Rd3 Rg1 47. Nd6+ Ke6 48. Nc4 Kf5 49. Nd6+ Kf6 50. Re3 Rd1 51. Nc4 (51. Ne8+ {keeps fighting.} Kf7 52. Nc7) 51... Rd5 52. Na5 {[#]} Re5 $1 {[%cal Re5e3]} 53. Rd3 Bd5 54. c4 {[#]} Bxc4 $1 {[%mdl 512]} 55. Rd6+ $2 (55. Nxc4 Re4+ 56. Kg3 Rxc4 57. Rd6+ Ke5 58. Rb6) 55... Be6 {And now ...Re3 would win.} 56. Nxb7 Re3 {Precision: White = 48%, Black = 80%.} 0-1

[Event "EICC 2017"]
[Site "Minsk"]
[Date "2017.06.07"]
[Round "8"]
[White "Bartel, Mateusz"]
[Black "Basso, Pier Luigi"]
[Result "1-0"]
[WhiteElo "2637"]
[BlackElo "2447"]
[Annotator "TA"]
[PlyCount "63"]
[EventDate "2017.??.??"]
[EventCountry "BLR"]
[SourceTitle "playchess.com"]
[Source "ChessBase"]
[SourceQuality "1"]

{[%evp 18,63,46,41,42,14,21,8,40,41,44,22,15,22,25,25,37,6,67,41,106,99,110,121,118,112,111,112,119,127,197,189,189,189,574,558,561,558,1727,1681,1423,859,6317,6303,29992,29993,29996,29993]} 1. e4 d5 2. exd5 Qxd5 3. Nc3 Qd6 4. d4 Nf6 5. Nb5 (5. Nf3 c6 6. Ne5 Nbd7 7. Nc4 Qc7 8. a4 Nd5 9. Bd3 g6 10. Qf3 N7f6 11. Nxd5 Nxd5 12. O-O Bg7 13. c3 O-O 14. Qg3 Qxg3 15. hxg3 {½-½ (28) Caruana,F (2808)-Carlsen,M (2857) Baku 2016}) 5... Qd8 6. c4 {B01: Scandinavian Defence} c6 7. Nc3 g6 8. h3 Bg7 9. Nf3 O-O 10. Be2 {LiveBook: 3 Games} c5 11. Be3 cxd4 12. Nxd4 Bd7 (12... e5 $5 {[%cal Re5d4]} 13. Ndb5 Nc6 $14) 13. O-O Nc6 14. Rc1 $146 ({Predecessor:} 14. Qd2 Nxd4 15. Bxd4 Bc6 16. Qe3 Nd7 17. Bxg7 Kxg7 {½-½ (23) Fuksik,J (2191)-Zapletal,J (2179) Moravia 2002}) 14... Nxd4 15. Bxd4 Bc6 16. b4 b6 17. c5 {With the idea b5.} Bb7 ({Black should play} 17... Bh6 $11) 18. Be3 Qb8 ({Better is} 18... bxc5 $14 19. bxc5 (19. Bxc5 Nd7 $11) 19... Qa5) 19. Bf3 $16 {Threatens to win with c6.} ({Reject} 19. cxb6 $6 axb6 20. Bf3 e6 $11) 19... Rc8 {[#]} 20. Bf4 $1 {[%mdl 512]} e5 (20... Qxf4 21. Bxb7) 21. Bxb7 Qxb7 22. Bxe5 bxc5 23. bxc5 Rxc5 {[#]} (23... Qc6 $16) 24. Bxf6 $1 $18 Bxf6 {[#]} 25. Ne4 $1 {[%cal Re4f6][%mdl 512]} Rxc1 $2 (25... Qxe4 {is a better chance.} 26. Rxc5 Rd8) 26. Nxf6+ Kg7 27. Qxc1 Kxf6 28. Qc3+ Kg5 29. Qg7 {Intending f4+ and mate.} Qd5 30. Re1 {White threatens f4+! and mate.} f6 {[#]} 31. f4+ $1 {[%mdl 512]} Kh4 (31... Kxf4 32. Qxf6+) 32. Qxf6+ {Precision: White = 69%, Black = 28%.} 1-0

[Event "EICC 2017"]
[Site "Minsk"]
[Date "2017.06.07"]
[Round "8"]
[White "Oleksiyenko, Mykhaylo"]
[Black "Sviridov, Valery"]
[Result "0-1"]
[WhiteElo "2636"]
[BlackElo "2504"]
[Annotator "TA"]
[PlyCount "122"]
[EventDate "2017.??.??"]
[EventCountry "BLR"]
[SourceTitle "playchess.com"]
[Source "ChessBase"]
[SourceQuality "1"]

{[%evp 23,122,29,34,14,30,38,51,43,51,4,96,90,81,59,101,76,90,82,70,70,73,79,95,55,62,56,10,0,0,0,-11,-126,-135,-276,-289,-277,-296,-290,-198,-450,-445,-546,-517,-641,-706,-805,-805,-798,-559,-584,-598,-585,-565,-660,-660,-599,-427,-387,-302,-302,-302,-302,-302,-585,-571,-593,-581,-547,-486,-514,-501,-501,-302,-565,-532,-675,-669,-667,-655,-775,-780,-779,-771,-2262,-2156,-29984,-29985,-29992,-29993,-29993,-29994,-29994,-29987,-29987,-29988,-29990,-29989,-29988,-29987,-29986,-29985]} 1. e4 g6 2. d4 Bg7 3. Nc3 a6 4. Be3 b5 5. Qd2 Bb7 6. f3 d6 7. h4 h5 8. Nh3 Nd7 9. O-O-O {B06: Modern Defence} (9. Ng5 Ngf6 10. O-O-O O-O 11. g4 c5 12. gxh5 Nxh5 13. Bh3 cxd4 14. Bxd4 Ne5 15. Qf2 Nf4 16. Kb1 Nc4 17. Nd5 Nxh3 18. Rxh3 {0-1 (38) Rasmussen,A (2547)-Chatalbashev,B (2546) Ballerup 2017}) 9... c5 10. dxc5 Nxc5 11. Ng5 Rc8 12. Bd4 Nf6 {LiveBook: 4 Games} 13. Nd5 Bxd5 14. exd5 Qc7 15. Kb1 $1 Qb7 $146 16. Qe1 $1 O-O {[#]} (16... b4 $1 $11 {keeps the balance.}) 17. g4 $1 $16 hxg4 18. Bg2 g3 ({Don't blunder} 18... Nxd5 $2 19. Bxg7 Kxg7 20. fxg4 $18) 19. h5 Nxh5 {[#]} 20. Rxh5 $1 {[%mdl 512]} gxh5 21. Bxg7 $1 Kxg7 22. Qxg3 {White wants to mate with Ne6+.} Rg8 23. Bh3 {[%mdl 1024] And now Rg1 would win. White has strong compensation.} f6 $1 {[%cal Rf6g5]} 24. Ne6+ $1 Kf7 $1 25. Qh2 {Hoping for Nxc5.} ({Stronger than} 25. Nxc5 Qxd5 26. Qe1 Qxc5 $17) 25... Rh8 $1 26. Bf5 Nxe6 $1 27. dxe6+ (27. Bxe6+ $11 {was the only way to keep the balance.} Ke8 28. Qg1) 27... Kf8 $17 28. Be4 (28. Qg2 $17 {was forced.} Rg8 29. Qh1) 28... Qb6 $19 29. Rg1 {[#]} Qe3 $1 ({Don't go for} 29... Rg8 $2 30. Rxg8+ Kxg8 31. Qg2+ Kh8 32. Qg6 $18) 30. Qg2 Qh6 31. Qf2 $2 (31. f4) 31... h4 {[%cal Bh5h4,Bh4h3,Bh3h2][%mdl 32]} 32. Qa7 h3 {Strongly threatening ...h2.} 33. Qb7 {[%cal Rb7c8]} Re8 34. f4 h2 {[%cal Rh2g1]} 35. Rh1 Qg7 {( -> ...Qg1+)} 36. a3 Qg1+ 37. Ka2 Qg4 38. f5 Rh4 39. Bd3 Qf4 40. Qg2 {White threatens Qg6 and mate.} Qh6 41. b4 Rd8 42. Kb3 d5 43. Qf2 $2 (43. Kb2 {was called for.}) 43... Rc8 44. Qg2 Qg5 45. Qf2 Rh3 46. Kb2 Qh4 47. Qg2 Qh5 48. Qxd5 $2 (48. Ka2) 48... Qg4 49. Qd7 Re8 50. Qd5 Qg1 51. Bf1 Rg3 {aiming for ...Qe3.} 52. Bd3 Qf2 53. Be4 Rg1 54. Qd3 Qe1 {Black mates.} 55. Qh3 Qb1+ 56. Kc3 Rc8+ 57. Kd4 Qb2+ 58. Ke3 Qc1+ 59. Kf3 Qd1+ 60. Ke3 Qe1+ 61. Kf3 {[#]} Rg3+ $1 {[%mdl 512] Precision: White = 37%, Black = 77%.} 0-1

[Event "EICC 2017"]
[Site "Minsk"]
[Date "2017.06.07"]
[Round "8"]
[White "Lupulescu, Constantin"]
[Black "Aleksandrov, Aleksej"]
[Result "0-1"]
[WhiteElo "2631"]
[BlackElo "2559"]
[Annotator "TA"]
[PlyCount "86"]
[EventDate "2017.??.??"]
[EventCountry "BLR"]
[SourceTitle "playchess.com"]
[Source "ChessBase"]
[SourceQuality "1"]

{[%evp 25,86,-25,-27,-31,-33,-83,-87,-98,13,-27,22,-33,-19,-86,0,0,1,0,38,-238,-239,-237,-234,-245,-231,-224,-238,-240,-176,-182,-168,-381,-355,-448,-434,-475,-474,-502,-494,-527,-527,-609,-617,-680,-411,-412,-392,-383,-395,-383,-396,-392,-369,-605,-599,-589,-573,-733,-739,-698,-702,-750,-755]} 1. d4 Nf6 2. Nf3 d5 3. Bf4 c5 4. e3 Nc6 5. Nbd2 e6 6. c3 Bd6 7. Bg3 O-O 8. Bd3 b6 9. e4 {D02: 1 d4 d5 2 Nf3 sidelines, including 2...Nf6 3 g3 and 2...Nf6 3 Bf4} (9. Ne5 Bb7 10. O-O Qc7 11. f4 Ne7 12. Qb1 Qc8 13. Bh4 Nf5 14. Bxf5 exf5 15. Bxf6 gxf6 16. Nef3 Qe6 17. Re1 Ba6 18. Nh4 cxd4 19. exd4 {1-0 (28) Korobov,A (2692)-Dominguez Perez,L (2739) Doha 2016}) 9... Be7 10. e5 Nh5 11. Ng5 Bxg5 12. Qxh5 g6 13. Qe2 cxd4 {LiveBook: 3 Games} 14. h4 $1 {[%cal Rh4g5] [#]} Be7 $146 ({Predecessor:} 14... Bxd2+ 15. Qxd2 dxc3 16. bxc3 d4 {1-0 (36) Van Foreest,J (2615)-Svane,R (2552) Germany 2016}) 15. Nf3 dxc3 16. bxc3 a5 ({Better is} 16... d4 $17 17. Be4 Bb7) 17. Rd1 Ra7 18. Bb5 (18. h5 $11) 18... Bd7 $36 {[%mdl 2048] Black has good play.} 19. Kf1 (19. h5 $11 {keeps the balance.}) 19... Bc5 (19... Nb8 $17 {And now ...Rc7 would win.} 20. c4 Bxb5 21. cxb5 Rc7) 20. h5 $11 g5 21. h6 Kh8 22. Nxg5 $2 {[%mdl 8192]} (22. c4 $14 {stays ahead.}) 22... Qxg5 $19 23. Bxc6 Bxc6 24. Bh4 {[#]} Qf5 $1 25. Bf6+ Kg8 {[%cal Bh8g8,Bg8f8,Bf8e8,Be8d7,Bd7c6][%mdl 32]} 26. Rh3 Rfa8 {Strongly threatening ...Ba4.} 27. Rf3 {[#]} Qe4 $1 28. Qd2 $2 (28. Qxe4 dxe4 29. Rg3+ Kf8 30. Rg7) 28... Kf8 29. Re1 Qg4 30. Rf4 Qh5 31. Qd3 Qxh6 32. Rh4 Qg6 33. Qh3 Ke8 34. Rxh7 Kd7 35. Rg7 Bb5+ 36. Kg1 Qf5 37. Qxf5 exf5 38. e6+ Kc6 39. e7 $2 (39. exf7 Bc4 40. a4) 39... Re8 {Black is clearly winning.} 40. Rxf7 Bc4 41. Bg5 Bxa2 42. Rf6+ Kb5 43. Rxf5 a4 {Precision: White = 33%, Black = 60%.} 0-1